[Event "9th Vellmar Chess Days"]
[Site "chess24.com"]
[Date "2017.07.14"]
[Round "2"]
[White "Hehn, Hartmut"]
[Black "Kearns, Christopher"]
[Result "1-0"]
[Board "3"]
[WhiteElo "2012"]
[WhiteCountry "GER"]
[WhiteFideId "4629027"]
[WhiteEloChange "15"]
[BlackElo "2212"]
[BlackCountry "GER"]
[BlackFideId "24642118"]
[BlackEloChange "-15"]

1. d4 {[%clk 1:30:57]} Nf6 {[%clk 1:30:51]} 2. g3 {[%clk 1:31:06]} e6 {[%clk
1:31:16]} 3. c4 {[%clk 1:31:07]} d5 {[%clk 1:31:45]} 4. Bg2 {[%clk 1:31:03]} dxc4
{[%clk 1:32:06]} 5. Nf3 {[%clk 1:30:54]} Bb4+ {[%clk 1:32:35]} 6. Nc3 {[%clk
1:29:12]} O-O {[%clk 1:30:45]} 7. O-O {[%clk 1:29:34]} Nd5 {[%clk 1:24:18]} 8.
Qc2 {[%clk 1:25:13]} Be7 {[%clk 1:21:26]} 9. Rd1 {[%clk 1:20:30]} Nd7 {[%clk
1:05:00]} 10. Ne5 {[%clk 1:15:07]} Nb4 {[%clk 0:55:06]} 11. Qb1 {[%clk 0:56:23]}
Nb6 {[%clk 0:46:21]} 12. a3 {[%clk 0:55:59]} N4d5 {[%clk 0:46:49]} 13. Qa2 {[%clk
0:55:45]} Bd7 {[%clk 0:33:27]} 14. Nxc4 {[%clk 0:51:51]} Nxc3 {[%clk 0:32:05]}
15. bxc3 {[%clk 0:52:03]} Ba4 {[%clk 0:32:30]} 16. Re1 {[%clk 0:49:42]} Nd5
{[%clk 0:27:23]} 17. Bd2 {[%clk 0:47:21]} c5 {[%clk 0:24:53]} 18. e4 {[%clk
0:42:13]} Nb6 {[%clk 0:24:46]} 19. Be3 {[%clk 0:41:51]} Nxc4 {[%clk 0:22:22]} 20.
Qxc4 {[%clk 0:42:05]} b5 {[%clk 0:22:47]} 21. Qe2 {[%clk 0:38:07]} c4 {[%clk
0:23:08]} 22. e5 {[%clk 0:37:58]} Rb8 {[%clk 0:23:17]} 23. Be4 {[%clk 0:38:03]}
Kh8 {[%clk 0:18:01]} 24. Qh5 {[%clk 0:37:09]} g6 {[%clk 0:18:25]} 25. Qh6 {[%clk
0:36:54]} Rg8 {[%clk 0:18:49]} 26. h4 {[%clk 0:36:34]} Qf8 {[%clk 0:19:18]} 27.
Qf4 {[%clk 0:26:15]} Rd8 {[%clk 0:15:56]} 28. Kg2 {[%clk 0:25:12]} a5 {[%clk
0:15:17]} 29. Rh1 {[%clk 0:15:34]} Bb3 {[%clk 0:14:41]} 30. Bc6 {[%clk 0:14:53]}
Ba4 {[%clk 0:10:26]} 31. Rhb1 {[%clk 0:13:33]} Rb8 {[%clk 0:08:29]} 32. d5 {[%clk
0:13:16]} exd5 {[%clk 0:08:29]} 33. Bd4 {[%clk 0:09:23]} Bc2 {[%clk 0:07:53]} 34.
Rxb5 {[%clk 0:07:03]} Rxb5 {[%clk 0:08:18]} 35. Bxb5 {[%clk 0:07:27]} Bf5 {[%clk
0:08:37]} 36. Bd7 {[%clk 0:03:40]} Be6 {[%clk 0:07:55]} 37. a4 {[%clk 0:03:21]}
g5 {[%clk 0:01:14]} 38. hxg5 {[%clk 0:03:27]} Bxg5 {[%clk 0:01:43]} 39. Qf3
{[%clk 0:03:26]} Qh6 {[%clk 0:02:00]} 40. Rh1 {[%clk 0:01:55]} Qg6 {[%clk
0:02:27]} 41. Bc6 {[%clk 0:20:29]} Rd8 {[%clk 0:23:33]} 42. Bb6 {[%clk 0:07:53]}
Bf5 {[%clk 0:20:15]} 43. Re1 {[%clk 0:17:07]} Be4 {[%clk 0:16:06]} 44. Rxe4
{[%clk 0:17:15]} dxe4 {[%clk 0:16:35]} 45. Qxe4 {[%clk 0:09:42]} Qxe4+ {[%clk
0:14:52]} 46. Bxe4 {[%clk 0:10:04]} Rd2 {[%clk 0:13:53]} 47. Kh3 {[%clk 0:05:08]}
Bd8 {[%clk 0:13:53]} 48. Bd4 {[%clk 0:07:11]} Kg8 {[%clk 0:14:18]} 49. f4 {[%clk
0:06:19]} Rb2 {[%clk 0:13:54]} 50. Bd5 {[%clk 0:06:32]} Bb6 {[%clk 0:05:05]} 51.
Bxb6 {[%clk 0:06:35]} Rxb6 {[%clk 0:05:34]} 52. Bxc4 {[%clk 0:06:53]} Rc6 {[%clk
0:05:54]} 53. Bb5 {[%clk 0:07:03]} Rxc3 {[%clk 0:06:23]} 54. Kh4 {[%clk 0:05:43]}
Kg7 {[%clk 0:06:31]} 55. Bd7 {[%clk 0:05:07]} Re3 {[%clk 0:06:04]} 56. Bc6 {[%clk
0:05:22]} f6 {[%clk 0:04:40]} 57. exf6+ {[%clk 0:05:36]} Kxf6 {[%clk 0:05:09]}
58. Bd7 {[%clk 0:05:25]} h6 {[%clk 0:04:22]} 59. Kg4 {[%clk 0:04:50]} Rc3 {[%clk
0:04:04]} 60. Kh4 {[%clk 0:04:39]} Rf3 {[%clk 0:03:48]} 61. Kg4 {[%clk 0:04:11]}
Rf2 {[%clk 0:04:16]} 62. Kh3 {[%clk 0:03:42]} Rd2 {[%clk 0:02:02]} 63. Bb5 {[%clk
0:03:34]} Kf5 {[%clk 0:02:26]} 64. Bc6 {[%clk 0:03:28]} h5 {[%clk 0:02:04]} 65.
Be8 {[%clk 0:03:19]} h4 {[%clk 0:02:20]} 66. gxh4 {[%clk 0:02:37]} Kxf4 {[%clk
0:02:10]} 67. h5 {[%clk 0:02:39]} Re2 {[%clk 0:02:17]} 68. Bb5 {[%clk 0:02:48]}
Ra2 {[%clk 0:01:37]} 69. h6 {[%clk 0:02:40]} Kg5 {[%clk 0:00:47]} 70. h7 {[%clk
0:02:22]} Ra3+ {[%clk 0:00:58]} 1-0

[Event "9th Vellmar Chess Days"]
[Site "chess24.com"]
[Date "2017.07.14"]
[Round "2"]
[White "Chandler, Patrick"]
[Black "Doerge, Sven"]
[Result "1/2-1/2"]
[Board "4"]
[WhiteElo "2206"]
[WhiteCountry "GER"]
[WhiteFideId "4624041"]
[WhiteEloChange "-5"]
[BlackElo "2000"]
[BlackCountry "GER"]
[BlackFideId "24657638"]
[BlackEloChange "5"]

1. e4 {[%clk 1:30:54]} e5 {[%clk 1:30:17]} 2. Nf3 {[%clk 1:31:15]} Nc6 {[%clk
1:30:23]} 3. d4 {[%clk 1:31:40]} exd4 {[%clk 1:30:05]} 4. Nxd4 {[%clk 1:32:06]}
Bc5 {[%clk 1:30:10]} 5. Be3 {[%clk 1:32:10]} Qe7 {[%clk 1:26:47]} 6. Nc3 {[%clk
1:32:01]} Nxd4 {[%clk 1:26:37]} 7. Bxd4 {[%clk 1:31:57]} Nf6 {[%clk 1:25:09]} 8.
Bxc5 {[%clk 1:28:17]} Qxc5 {[%clk 1:24:22]} 9. Qd2 {[%clk 1:27:37]} d6 {[%clk
1:21:16]} 10. Bd3 {[%clk 1:26:43]} Bd7 {[%clk 1:21:00]} 11. f3 {[%clk 1:26:04]}
O-O-O {[%clk 1:16:05]} 12. Qf2 {[%clk 1:25:43]} Qxf2+ {[%clk 1:04:46]} 13. Kxf2
{[%clk 1:25:03]} Rhe8 {[%clk 0:58:47]} 14. Rhe1 {[%clk 1:24:30]} c6 {[%clk
0:57:41]} 15. b4 {[%clk 1:19:33]} Kc7 {[%clk 0:53:57]} 16. a4 {[%clk 1:19:38]}
Re5 {[%clk 0:45:25]} 17. f4 {[%clk 1:15:35]} Rh5 {[%clk 0:42:59]} 18. h3 {[%clk
1:15:19]} g5 {[%clk 0:41:40]} 19. e5 {[%clk 1:13:46]} dxe5 {[%clk 0:41:20]} 20.
fxe5 {[%clk 1:13:48]} Nd5 {[%clk 0:41:02]} 21. Nxd5+ {[%clk 1:13:58]} cxd5 {[%clk
0:41:31]} 22. Be2 {[%clk 1:12:09]} Rh4 {[%clk 0:41:30]} 23. b5 {[%clk 1:10:48]}
Re4 {[%clk 0:39:53]} 24. Bd3 {[%clk 1:10:53]} Rxe1 {[%clk 0:38:30]} 25. Rxe1
{[%clk 1:10:59]} h5 {[%clk 0:37:25]} 26. Ke3 {[%clk 1:11:12]} d4+ {[%clk
0:34:59]} 27. Kd2 {[%clk 1:11:23]} Be6 {[%clk 0:34:51]} 28. Be4 {[%clk 1:10:00]}
Kb6 {[%clk 0:32:41]} 29. Kd3 {[%clk 1:10:00]} Rd7 {[%clk 0:29:26]} 30. Bf3 {[%clk
1:06:20]} 1/2-1/2

[Event "9th Vellmar Chess Days"]
[Site "chess24.com"]
[Date "2017.07.14"]
[Round "2"]
[White "Dorst, Johannes"]
[Black "Pauls, Wilhelm"]
[Result "1-0"]
[Board "5"]
[WhiteElo "2180"]
[WhiteTitle "FM"]
[WhiteCountry "GER"]
[WhiteFideId "4650433"]
[WhiteEloChange "5"]
[BlackElo "1988"]
[BlackCountry "GER"]
[BlackFideId "12990752"]
[BlackEloChange "-5"]

1. e4 {[%clk 1:30:57]} e5 {[%clk 1:30:55]} 2. Nf3 {[%clk 1:31:22]} Nc6 {[%clk
1:31:19]} 3. Bb5 {[%clk 1:31:43]} a6 {[%clk 1:31:16]} 4. Bxc6 {[%clk 1:32:06]}
bxc6 {[%clk 1:29:52]} 5. O-O {[%clk 1:32:27]} d6 {[%clk 1:30:16]} 6. d4 {[%clk
1:32:07]} exd4 {[%clk 1:30:00]} 7. Nxd4 {[%clk 1:30:36]} c5 {[%clk 1:26:39]} 8.
Ne2 {[%clk 1:22:56]} Nf6 {[%clk 1:26:48]} 9. Nbc3 {[%clk 1:22:51]} Be7 {[%clk
1:27:05]} 10. Nf4 {[%clk 1:20:03]} O-O {[%clk 1:22:10]} 11. Re1 {[%clk 1:16:51]}
Rb8 {[%clk 1:15:17]} 12. b3 {[%clk 1:16:13]} Re8 {[%clk 1:13:28]} 13. Ncd5 {[%clk
1:08:26]} Bf8 {[%clk 1:03:41]} 14. f3 {[%clk 0:58:47]} c6 {[%clk 0:44:54]} 15.
Nxf6+ {[%clk 0:59:07]} Qxf6 {[%clk 0:45:13]} 16. Rb1 {[%clk 0:52:11]} Bb7 {[%clk
0:26:24]} 17. Qd2 {[%clk 0:51:34]} d5 {[%clk 0:24:23]} 18. Bb2 {[%clk 0:49:12]}
Qg5 {[%clk 0:23:57]} 19. c4 {[%clk 0:40:53]} dxe4 {[%clk 0:15:23]} 20. fxe4
{[%clk 0:40:15]} Rbd8 {[%clk 0:15:40]} 21. Qe3 {[%clk 0:37:12]} Bd6 {[%clk
0:15:35]} 22. Nd3 {[%clk 0:35:10]} Qh4 {[%clk 0:15:25]} 23. e5 {[%clk 0:31:43]}
Bc8 {[%clk 0:15:29]} 24. Qf2 {[%clk 0:21:46]} Be7 {[%clk 0:15:12]} 25. g3 {[%clk
0:16:05]} Qg4 {[%clk 0:13:13]} 26. Nf4 {[%clk 0:15:52]} h5 {[%clk 0:08:30]} 27.
Qe2 {[%clk 0:12:11]} h4 {[%clk 0:07:37]} 28. e6 {[%clk 0:09:13]} f5 {[%clk
0:03:38]} 29. Qxg4 {[%clk 0:09:10]} fxg4 {[%clk 0:04:04]} 30. Re2 {[%clk
0:06:33]} Bg5 {[%clk 0:03:52]} 31. Rbe1 {[%clk 0:05:35]} Re7 {[%clk 0:03:41]} 32.
Ng6 {[%clk 0:05:31]} Ree8 {[%clk 0:03:59]} 33. gxh4 {[%clk 0:04:44]} Bd2 {[%clk
0:04:23]} 34. e7 {[%clk 0:03:43]} Rd3 {[%clk 0:04:18]} 35. Rf1 {[%clk 0:03:53]}
Bd7 {[%clk 0:03:53]} 36. Rf8+ {[%clk 0:03:33]} Kh7 {[%clk 0:04:11]} 37. h5 {[%clk
0:03:07]} Be3+ {[%clk 0:04:12]} 38. Kg2 {[%clk 0:03:26]} Rd2 {[%clk 0:02:52]} 39.
Rxd2 {[%clk 0:03:45]} Bxd2 {[%clk 0:03:17]} 40. Be5 {[%clk 0:01:59]} Kh6 {[%clk
0:03:22]} 41. Bd6 {[%clk 0:02:16]} Bc3 {[%clk 0:02:05]} 1-0

[Event "9th Vellmar Chess Days"]
[Site "chess24.com"]
[Date "2017.07.14"]
[Round "2"]
[White "Lesny, Florian"]
[Black "Lopez-Rojas, Jeffrey"]
[Result "1/2-1/2"]
[Board "6"]
[WhiteElo "1997"]
[WhiteCountry "GER"]
[WhiteFideId "12973874"]
[WhiteEloChange "5"]
[BlackElo "2173"]
[BlackCountry "GER"]
[BlackFideId "12997277"]
[BlackEloChange "-5"]

1. e4 {[%clk 1:30:57]} c5 {[%clk 1:17:42]} 2. Nf3 {[%clk 1:31:17]} a6 {[%clk
1:17:36]} 3. c3 {[%clk 1:31:15]} b6 {[%clk 1:16:24]} 4. d4 {[%clk 1:28:26]} e6
{[%clk 1:16:34]} 5. Bd3 {[%clk 1:27:41]} Be7 {[%clk 1:14:19]} 6. O-O {[%clk
1:25:42]} d6 {[%clk 1:10:47]} 7. Qe2 {[%clk 1:21:22]} Nd7 {[%clk 1:10:12]} 8. e5
{[%clk 1:16:21]} d5 {[%clk 1:07:59]} 9. Nbd2 {[%clk 1:12:08]} c4 {[%clk 0:54:39]}
10. Bc2 {[%clk 1:09:10]} h5 {[%clk 0:49:55]} 11. b3 {[%clk 1:06:07]} b5 {[%clk
0:49:37]} 12. a4 {[%clk 1:05:05]} Bb7 {[%clk 0:42:50]} 13. Ba3 {[%clk 1:00:46]}
Nh6 {[%clk 0:22:08]} 14. Bxe7 {[%clk 0:57:57]} Qxe7 {[%clk 0:22:24]} 15. axb5
{[%clk 0:57:03]} axb5 {[%clk 0:22:40]} 16. Rxa8+ {[%clk 0:56:29]} Bxa8 {[%clk
0:23:05]} 17. bxc4 {[%clk 0:55:01]} bxc4 {[%clk 0:23:29]} 18. Qe3 {[%clk
0:50:45]} O-O {[%clk 0:18:29]} 19. Ra1 {[%clk 0:47:20]} Bc6 {[%clk 0:17:48]} 20.
h3 {[%clk 0:43:10]} Rb8 {[%clk 0:13:31]} 21. Ra2 {[%clk 0:42:19]} Kf8 {[%clk
0:08:47]} 22. Qf4 {[%clk 0:39:52]} Ke8 {[%clk 0:08:39]} 23. Nf1 {[%clk 0:36:42]}
Ng8 {[%clk 0:07:08]} 24. Ng3 {[%clk 0:26:50]} g6 {[%clk 0:07:23]} 25. Ne2 {[%clk
0:26:36]} Nb6 {[%clk 0:07:05]} 26. Ng5 {[%clk 0:23:10]} Rb7 {[%clk 0:07:04]} 27.
h4 {[%clk 0:17:05]} Kd8 {[%clk 0:06:58]} 28. Qe3 {[%clk 0:15:55]} Ra7 {[%clk
0:06:57]} 29. Rxa7 {[%clk 0:14:11]} Qxa7 {[%clk 0:07:23]} 30. Qf3 {[%clk
0:11:56]} Be8 {[%clk 0:07:10]} 31. Nf4 {[%clk 0:09:45]} Nh6 {[%clk 0:04:25]} 32.
Nfxe6+ {[%clk 0:05:02]} Kc8 {[%clk 0:03:23]} 33. Nf4 {[%clk 0:04:03]} Qa1+ {[%clk
0:03:22]} 34. Qd1 {[%clk 0:02:54]} Qxc3 {[%clk 0:03:41]} 35. Nf3 {[%clk 0:01:57]}
Ng4 {[%clk 0:03:53]} 36. Qb1 {[%clk 0:01:38]} Qa5 {[%clk 0:01:42]} 37. e6 {[%clk
0:01:19]} f5 {[%clk 0:01:46]} 38. Qb2 {[%clk 0:00:54]} Na8 {[%clk 0:00:54]} 39.
Qc1 {[%clk 0:00:41]} Nc7 {[%clk 0:01:03]} 40. Qb2 {[%clk 0:00:46]} Qa7 {[%clk
0:00:33]} 41. g3 {[%clk 0:20:50]} Qa5 {[%clk 0:25:38]} 42. Kg2 {[%clk 0:19:11]}
Na6 {[%clk 0:22:22]} 43. e7 {[%clk 0:15:43]} Qb4 {[%clk 0:19:07]} 44. Qa1 {[%clk
0:13:42]} Nc7 {[%clk 0:16:47]} 45. Nxd5 {[%clk 0:11:56]} Nxd5 {[%clk 0:14:18]}
46. Qa8+ {[%clk 0:12:10]} Kc7 {[%clk 0:02:33]} 47. Qxd5 {[%clk 0:11:34]} Qxe7
{[%clk 0:02:46]} 48. Qxc4+ {[%clk 0:11:46]} Kb7 {[%clk 0:02:43]} 49. Qb3+ {[%clk
0:08:56]} Kc7 {[%clk 0:02:50]} 50. Qc3+ {[%clk 0:06:25]} Kb6 {[%clk 0:02:56]} 51.
Qb3+ {[%clk 0:04:56]} 1/2-1/2

[Event "9th Vellmar Chess Days"]
[Site "chess24.com"]
[Date "2017.07.14"]
[Round "2"]
[White "Everett, Elijah"]
[Black "Tremoehlen, Thomas"]
[Result "1/2-1/2"]
[Board "7"]
[WhiteElo "2167"]
[WhiteCountry "GER"]
[WhiteFideId "12973696"]
[WhiteEloChange "-5"]
[BlackElo "1980"]
[BlackCountry "GER"]
[BlackFideId "12999555"]
[BlackEloChange "5"]

1. e4 {[%clk 1:30:56]} c5 {[%clk 1:30:51]} 2. Nf3 {[%clk 1:31:19]} Nc6 {[%clk
1:31:16]} 3. d4 {[%clk 1:31:42]} cxd4 {[%clk 1:31:45]} 4. Nxd4 {[%clk 1:32:03]}
e5 {[%clk 1:30:52]} 5. Nb5 {[%clk 1:32:18]} a6 {[%clk 1:30:31]} 6. Nd6+ {[%clk
1:32:38]} Bxd6 {[%clk 1:30:58]} 7. Qxd6 {[%clk 1:33:00]} Qf6 {[%clk 1:31:26]} 8.
Qd1 {[%clk 1:32:16]} Qg6 {[%clk 1:31:41]} 9. Nc3 {[%clk 1:31:56]} d5 {[%clk
1:25:15]} 10. Nxd5 {[%clk 1:30:27]} Qxe4+ {[%clk 1:25:43]} 11. Be3 {[%clk
1:29:56]} Nd4 {[%clk 1:26:11]} 12. Nc7+ {[%clk 1:27:58]} Ke7 {[%clk 1:26:40]} 13.
Rc1 {[%clk 1:13:31]} Bg4 {[%clk 1:27:07]} 14. Qd3 {[%clk 1:08:35]} Qxd3 {[%clk
1:27:34]} 15. Bxd3 {[%clk 1:08:58]} Rd8 {[%clk 1:27:57]} 16. f3 {[%clk 1:01:02]}
Bh5 {[%clk 1:27:53]} 17. Bc4 {[%clk 0:57:02]} Kd6 {[%clk 1:19:55]} 18. Bxd4
{[%clk 0:46:37]} exd4 {[%clk 1:20:23]} 19. Nd5 {[%clk 0:46:49]} Kc5 {[%clk
1:20:52]} 20. Nf4 {[%clk 0:46:42]} Kxc4 {[%clk 1:21:17]} 21. Nxh5 {[%clk
0:47:05]} g6 {[%clk 1:21:45]} 22. Nf4 {[%clk 0:46:47]} Nf6 {[%clk 1:21:32]} 23.
Kd2 {[%clk 0:44:26]} Rhe8 {[%clk 1:16:26]} 24. b3+ {[%clk 0:40:56]} Kc5 {[%clk
1:14:30]} 25. Rhe1 {[%clk 0:39:45]} Nd5 {[%clk 1:00:57]} 26. Nxd5 {[%clk
0:31:58]} Kxd5 {[%clk 1:01:25]} 27. a4 {[%clk 0:30:13]} Re6 {[%clk 0:51:52]} 28.
a5 {[%clk 0:25:41]} Rde8 {[%clk 0:47:35]} 29. Rxe6 {[%clk 0:25:03]} fxe6 {[%clk
0:44:59]} 30. Kd3 {[%clk 0:19:23]} e5 {[%clk 0:15:01]} 31. c4+ {[%clk 0:15:32]}
dxc3 {[%clk 0:09:44]} 32. Rxc3 {[%clk 0:15:53]} Re7 {[%clk 0:10:13]} 33. Ke3
{[%clk 0:11:17]} Ke6 {[%clk 0:05:19]} 34. b4 {[%clk 0:11:01]} Rd7 {[%clk
0:05:34]} 35. b5 {[%clk 0:10:15]} axb5 {[%clk 0:04:28]} 36. Rc5 {[%clk 0:10:05]}
Rd5 {[%clk 0:03:27]} 37. Rc7 {[%clk 0:10:06]} Rd7 {[%clk 0:03:56]} 38. Rc5 {[%clk
0:10:17]} Rd5 {[%clk 0:04:25]} 39. Rc7 {[%clk 0:10:40]} Rd7 {[%clk 0:04:54]}
1/2-1/2

[Event "9th Vellmar Chess Days"]
[Site "chess24.com"]
[Date "2017.07.14"]
[Round "2"]
[White "Krausse, Eckhard"]
[Black "Viebahn, Dirk"]
[Result "0-1"]
[Board "8"]
[WhiteElo "1993"]
[WhiteCountry "GER"]
[WhiteFideId "4638174"]
[WhiteEloChange "-5"]
[BlackElo "2164"]
[BlackCountry "GER"]
[BlackFideId "4660790"]
[BlackEloChange "5"]

1. e4 {[%clk 1:27:49]} c5 {[%clk 1:29:16]} 2. Nf3 {[%clk 1:26:31]} Nc6 {[%clk
1:28:51]} 3. g3 {[%clk 1:25:51]} d6 {[%clk 1:28:38]} 4. Bg2 {[%clk 1:26:11]} Nf6
{[%clk 1:28:30]} 5. d3 {[%clk 1:26:25]} g6 {[%clk 1:28:07]} 6. O-O {[%clk
1:25:55]} Bg7 {[%clk 1:28:28]} 7. Nbd2 {[%clk 1:22:37]} O-O {[%clk 1:24:56]} 8.
Re1 {[%clk 1:19:53]} Nd7 {[%clk 1:17:38]} 9. a4 {[%clk 1:10:10]} Nde5 {[%clk
1:13:46]} 10. Nxe5 {[%clk 1:04:30]} Nxe5 {[%clk 1:12:49]} 11. Qe2 {[%clk
1:03:39]} Bg4 {[%clk 1:04:40]} 12. Qf1 {[%clk 0:55:11]} Nc6 {[%clk 0:55:22]} 13.
c3 {[%clk 0:53:39]} e5 {[%clk 0:55:06]} 14. Bh3 {[%clk 0:46:08]} f5 {[%clk
0:49:50]} 15. f3 {[%clk 0:38:48]} Bxh3 {[%clk 0:47:08]} 16. Qxh3 {[%clk 0:39:11]}
d5 {[%clk 0:47:27]} 17. Qg2 {[%clk 0:25:00]} Qd6 {[%clk 0:40:35]} 18. Nf1 {[%clk
0:21:59]} fxe4 {[%clk 0:35:42]} 19. fxe4 {[%clk 0:22:10]} d4 {[%clk 0:36:03]} 20.
c4 {[%clk 0:17:11]} Nb4 {[%clk 0:34:16]} 21. Qe2 {[%clk 0:14:01]} Rf7 {[%clk
0:34:10]} 22. b3 {[%clk 0:09:48]} Raf8 {[%clk 0:34:22]} 23. Ba3 {[%clk 0:09:59]}
Rf2 {[%clk 0:33:04]} 24. Qd1 {[%clk 0:10:17]} Qe6 {[%clk 0:22:30]} 25. g4 {[%clk
0:10:27]} R8f3 {[%clk 0:22:21]} 0-1

[Event "9th Vellmar Chess Days"]
[Site "chess24.com"]
[Date "2017.07.14"]
[Round "2"]
[White "Schulze, Lara"]
[Black "Schnegelsberg, Karl-Heinz"]
[Result "1-0"]
[Board "9"]
[WhiteElo "2141"]
[WhiteTitle "WFM"]
[WhiteCountry "GER"]
[WhiteFideId "12956830"]
[WhiteEloChange "6"]
[BlackElo "1973"]
[BlackCountry "GER"]
[BlackFideId "4653335"]
[BlackEloChange "-6"]

1. e4 {[%clk 1:30:57]} e6 {[%clk 1:21:13]} 2. d4 {[%clk 1:31:21]} d5 {[%clk
1:21:39]} 3. Nd2 {[%clk 1:31:45]} Nf6 {[%clk 1:21:10]} 4. e5 {[%clk 1:32:09]}
Nfd7 {[%clk 1:21:39]} 5. Bd3 {[%clk 1:32:29]} c5 {[%clk 1:22:07]} 6. c3 {[%clk
1:32:53]} Nc6 {[%clk 1:22:34]} 7. Ne2 {[%clk 1:33:12]} cxd4 {[%clk 1:22:59]} 8.
cxd4 {[%clk 1:33:36]} f6 {[%clk 1:23:19]} 9. exf6 {[%clk 1:33:58]} Nxf6 {[%clk
1:23:47]} 10. O-O {[%clk 1:34:09]} Bd6 {[%clk 1:24:13]} 11. Nf3 {[%clk 1:34:19]}
Qc7 {[%clk 1:24:42]} 12. h3 {[%clk 1:34:36]} O-O {[%clk 1:24:07]} 13. Re1 {[%clk
1:34:45]} e5 {[%clk 1:18:59]} 14. dxe5 {[%clk 1:32:39]} Nxe5 {[%clk 1:19:01]} 15.
Ned4 {[%clk 1:12:49]} Nxd3 {[%clk 1:11:11]} 16. Qxd3 {[%clk 1:12:24]} Qc4 {[%clk
1:03:53]} 17. Qd1 {[%clk 1:02:49]} Bd7 {[%clk 0:54:24]} 18. Be3 {[%clk 0:56:18]}
Rae8 {[%clk 0:48:14]} 19. a3 {[%clk 0:45:05]} Qa6 {[%clk 0:36:16]} 20. Qb3 {[%clk
0:39:00]} Ba4 {[%clk 0:30:30]} 21. Qa2 {[%clk 0:38:59]} Bb8 {[%clk 0:27:13]} 22.
Bg5 {[%clk 0:28:28]} Kh8 {[%clk 0:18:25]} 23. Bxf6 {[%clk 0:20:32]} Qxf6 {[%clk
0:18:49]} 24. Rxe8 {[%clk 0:19:35]} Rxe8 {[%clk 0:15:21]} 25. Qxd5 {[%clk
0:19:50]} h6 {[%clk 0:11:16]} 26. Qxb7 {[%clk 0:16:50]} Rd8 {[%clk 0:04:58]} 27.
Re1 {[%clk 0:11:26]} Qf4 {[%clk 0:03:33]} 28. Qe4 {[%clk 0:06:04]} Qxe4 {[%clk
0:03:00]} 29. Rxe4 {[%clk 0:06:29]} Kh7 {[%clk 0:02:09]} 30. g3 {[%clk 0:06:19]}
g5 {[%clk 0:01:43]} 31. b3 {[%clk 0:04:16]} Be8 {[%clk 0:02:05]} 32. Kg2 {[%clk
0:02:14]} Bf7 {[%clk 0:01:50]} 33. Re7 {[%clk 0:01:32]} Kg8 {[%clk 0:02:17]} 34.
b4 {[%clk 0:00:59]} Kf8 {[%clk 0:02:15]} 35. Re6 {[%clk 0:00:47]} h5 {[%clk
0:02:04]} 36. g4 {[%clk 0:01:00]} Bf4 {[%clk 0:02:16]} 37. Ra6 {[%clk 0:00:57]}
Rd7 {[%clk 0:01:41]} 38. Ne6+ {[%clk 0:01:08]} Ke7 {[%clk 0:00:55]} 39. Nfxg5
{[%clk 0:01:00]} Be5 {[%clk 0:00:42]} 40. Nxf7 {[%clk 0:01:09]} Kxf7 {[%clk
0:00:56]} 41. Nc5 {[%clk 0:00:50]} Re7 {[%clk 0:00:42]} 42. Nd3 {[%clk 0:25:22]}
Bb8 {[%clk 0:16:14]} 43. Rh6 {[%clk 0:23:36]} hxg4 {[%clk 0:16:30]} 44. hxg4
{[%clk 0:23:15]} Kg7 {[%clk 0:16:53]} 45. Ra6 {[%clk 0:16:32]} Re4 {[%clk
0:15:46]} 46. Kh3 {[%clk 0:11:03]} Rd4 {[%clk 0:14:51]} 47. Nc5 {[%clk 0:11:11]}
Rc4 {[%clk 0:14:33]} 48. Kh4 {[%clk 0:07:18]} Kf7 {[%clk 0:12:05]} 49. Kg5 {[%clk
0:05:39]} Bf4+ {[%clk 0:10:42]} 50. Kf5 {[%clk 0:05:57]} Bb8 {[%clk 0:10:48]} 51.
Ne6 {[%clk 0:04:18]} Rc3 {[%clk 0:09:29]} 52. f4 {[%clk 0:04:25]} Ke7 {[%clk
0:08:01]} 53. Nd4 {[%clk 0:03:57]} Kd7 {[%clk 0:07:22]} 54. g5 {[%clk 0:03:25]}
Rc8 {[%clk 0:05:00]} 55. Rf6 {[%clk 0:02:14]} Bd6 {[%clk 0:02:38]} 56. Rf7+
{[%clk 0:02:04]} Be7 {[%clk 0:02:35]} 57. Ke5 {[%clk 0:02:15]} Ke8 {[%clk
0:02:20]} 58. Rh7 {[%clk 0:02:32]} Rc3 {[%clk 0:02:21]} 59. Nf5 {[%clk 0:02:35]}
Bd8 {[%clk 0:00:49]} 60. Ke6 {[%clk 0:02:33]} Rc6+ {[%clk 0:00:42]} 61. Nd6+
{[%clk 0:03:01]} 1-0

[Event "9th Vellmar Chess Days"]
[Site "chess24.com"]
[Date "2017.07.14"]
[Round "2"]
[White "Hoffmann, Lennard"]
[Black "Nickel, Ruediger"]
[Result "0-1"]
[Board "10"]
[WhiteElo "1990"]
[WhiteCountry "GER"]
[WhiteFideId "12943495"]
[WhiteEloChange "-6"]
[BlackElo "2157"]
[BlackCountry "GER"]
[BlackFideId "4618971"]
[BlackEloChange "6"]

1. e4 {[%clk 1:30:58]} c5 {[%clk 1:30:48]} 2. Nf3 {[%clk 1:31:20]} d6 {[%clk
1:31:10]} 3. d4 {[%clk 1:31:44]} cxd4 {[%clk 1:31:34]} 4. Nxd4 {[%clk 1:32:09]}
Nf6 {[%clk 1:31:59]} 5. Nc3 {[%clk 1:32:33]} a6 {[%clk 1:31:04]} 6. Bg5 {[%clk
1:32:42]} Nbd7 {[%clk 1:30:52]} 7. f4 {[%clk 1:31:30]} Qc7 {[%clk 1:29:58]} 8.
Qf3 {[%clk 1:31:04]} h6 {[%clk 1:28:15]} 9. Bh4 {[%clk 1:29:46]} g5 {[%clk
1:25:46]} 10. fxg5 {[%clk 1:28:04]} hxg5 {[%clk 1:25:53]} 11. Bxg5 {[%clk
1:27:12]} Qc5 {[%clk 1:24:36]} 12. Nf5 {[%clk 1:20:15]} e6 {[%clk 1:05:53]} 13.
Bxf6 {[%clk 1:11:06]} Nxf6 {[%clk 1:06:04]} 14. Nxd6+ {[%clk 1:09:59]} Bxd6
{[%clk 1:02:35]} 15. Qxf6 {[%clk 1:10:11]} Qe3+ {[%clk 0:55:13]} 16. Be2 {[%clk
1:04:28]} Bg3+ {[%clk 0:52:04]} 17. Kf1 {[%clk 1:00:25]} Rh4 {[%clk 0:47:44]} 18.
Nd1 {[%clk 0:59:11]} Rf4+ {[%clk 0:47:50]} 19. Qxf4 {[%clk 0:58:09]} Qxf4+ {[%clk
0:48:15]} 20. Bf3 {[%clk 0:58:34]} Bh4 {[%clk 0:44:38]} 21. Ke2 {[%clk 0:58:53]}
Bg5 {[%clk 0:42:10]} 22. Nf2 {[%clk 0:57:46]} Bd7 {[%clk 0:40:13]} 0-1